000 00589nam a2200193Ia 4500
003 GCL
005 20240530103423.0
008 140319s9999 xx 000 0 ara d
040 _aGCL /
_cGCL
082 0 4 _a398.9
_bم ك
100 1 _aرمضان عبدالتواب
245 1 0 _aكتاب الامثال /
_cرمضان عبدالتواب
300 _a130 ص
650 0 4 _aالامثال العامية العربية
650 0 4 _aالادب الشعبى
700 1 _aمؤرج السدوسى, ابوفيد
700 1 _aمؤرج بن عمرو بن الحارث
942 _2ddc
_cBK
999 _c39219
_d39219